[Event "60o Campeonato Brasileiro Feminino Final Aberta"]
[Site "Cuiaba MT"]
[Date "2021.11.04"]
[Round "11"]
[Board "4"]
[White "Bail, Ellen Larissa"]
[Black "Ichimura G. Barbosa, Larissa Y."]
[Result "1-0"]
[WhiteElo "1833"]
[BlackElo "2007"]
[PlyCount "71"]
[EventDate "2021.10.28"]
[EventRounds "11"]
[EventCountry "BRA"]

1. d4 Nf6 2. c4 g6 3. Nf3 Bg7 4. Nc3 O-O 5. Bg5 h6 6. Bh4 c5 7. e3 cxd4 8. Nxd4
d6 9. Be2 Nc6 10. O-O e5 11. Bxf6 Bxf6 12. Ndb5 Be7 13. Nd5 a6 14. Nxe7+ Qxe7
15. Nxd6 Be6 16. Ne4 f5 17. Nc3 Rad8 18. Qc1 Kh7 19. Rd1 f4 20. Rxd8 Qxd8 21.
b3 Qh4 22. Qe1 e4 23. f3 Qxe1+ 24. Rxe1 fxe3 25. Nxe4 Nd4 26. Bd3 Rd8 27. Nc5
Bc8 28. Rxe3 b6 29. Na4 b5 30. Nc5 bxc4 31. Re7+ Kh8 32. Bxc4 a5 33. Ne4 Nf5
34. Rc7 Ng7 35. Nd6 Bf5 36. Nf7+  1-0

[Event "60o Campeonato Brasileiro Feminino Final Aberta"]
[Site "Cuiaba MT"]
[Date "2021.11.04"]
[Round "11"]
[Board "5"]
[White "De Freitas, Isabella Ribeiro Conti"]
[Black "Heinrichs, Vivian"]
[Result "1/2-1/2"]
[WhiteElo "1863"]
[BlackElo "1974"]
[PlyCount "121"]
[EventDate "2021.10.28"]
[EventRounds "11"]
[EventCountry "BRA"]

1. c4 Nf6 2. Nc3 e5 3. g3 d5 4. cxd5 Nxd5 5. Bg2 Nb6 6. Nf3 Nc6 7. O-O Be7 8.
a3 O-O 9. b4 Be6 10. d3 a5 11. b5 Nd4 12. Be3 Nd5 13. Nxd4 Nxe3 14. Nxe6 Nxd1
15. Nxd8 Nxc3 16. Nxb7 Ra7 17. Rfe1 Nxb5 18. Rec1 a4 19. e3 Bxa3 20. Rc4 Rb8
21. Nc5 Bxc5 22. Rxc5 a3 23. Ra2 Kf8 24. Bc6 Nd6 25. Rc3 Rb6 26. Bd5 Rb1+ 27.
Kg2 Nb5 28. Rc5 f6 29. Bc6 Nd6 30. Rc3 Rb6 31. Be4 Rba6 32. h4 Ke7 33. Bc6 Nc8
34. g4 Kd6 35. Bb5 Ra5 36. Bc4 Ne7 37. Ra1 Nc6 38. Rb3 h6 39. Kf3 Kc5 40. Ke2
e4 41. f4 exd3+ 42. Bxd3 Kd6 43. Bb5 Nb8 44. Rd1+ Ke7 45. Bc4 Nd7 46. Rb4 Nc5
47. Ba2 Na4 48. Re4+ Re5 49. Rxa4 Rxa4 50. fxe5 Rxg4 51. exf6+ gxf6 52. Kf3
Rxh4 53. Rd3 Ra4 54. e4 h5 55. Kf4 Ra5 56. Kg3 Ra4 57. Kf4 c6 58. Kf5 Ra5+ 59.
Kf4 Ra4 60. Kf5 Ra5+ 61. Kf4  1/2-1/2

[Event "60o Campeonato Brasileiro Feminino Final Aberta"]
[Site "Cuiaba MT"]
[Date "2021.11.04"]
[Round "11"]
[Board "6"]
[White "Frattini, Beatriz Maria"]
[Black "Bonfim, Regina Rodrigues"]
[Result "1-0"]
[WhiteElo "1880"]
[BlackElo "1702"]
[PlyCount "101"]
[EventDate "2021.10.28"]
[EventRounds "11"]
[EventCountry "BRA"]

1. e4 c5 2. Nf3 d6 3. d4 cxd4 4. Nxd4 Nf6 5. Nc3 a6 6. Be3 e6 7. f3 Be7 8. Qd2
b5 9. O-O-O Bd7 10. g4 b4 11. Nce2 Bc6 12. Nxc6 Nxc6 13. Nd4 Nxd4 14. Bxd4 O-O
15. Qxb4 Qc7 16. Qc3 Qb7 17. Qb3 Qc6 18. g5 Nd7 19. h4 e5 20. Bc3 Nc5 21. Qd5
Qb6 22. Bc4 a5 23. Rhg1 Kh8 24. h5 Na4 25. Qb5 Qxb5 26. Bxb5 Nxc3 27. bxc3 f6
28. g6 h6 29. Bd7 Rfb8 30. Rd5 Ra7 31. Rb5 Rab7 32. Rxb7 Rxb7 33. Be6 f5 34.
Kd2 fxe4 35. fxe4 Bg5+ 36. Kd3 a4 37. Rf1 Bf6 38. c4 a3 39. Kc3 Rb8 40. Rd1 Be7
41. Rd5 Bf8 42. Rb5 Re8 43. Bd5 Be7 44. Rb7 Bh4 45. Kb3 Bf2 46. Kxa3 Bc5+ 47.
Ka4 Rc8 48. Kb5 Ba3 49. Ra7 Rb8+ 50. Ka4 Rc8 51. Kxa3  1-0

[Event "60o Campeonato Brasileiro Feminino Final Aberta"]
[Site "Cuiaba MT"]
[Date "2021.11.04"]
[Round "11"]
[Board "7"]
[White "Menezes, Grasielle Da Silv"]
[Black "De Souza, Eliana Aparecida"]
[Result "1-0"]
[WhiteElo "1868"]
[BlackElo "1673"]
[PlyCount "45"]
[EventDate "2021.10.28"]
[EventRounds "11"]
[EventCountry "BRA"]

1. d4 d5 2. c4 e6 3. Nc3 Bb4 4. Nf3 Ne7 5. Bg5 dxc4 6. e4 b5 7. a4 c6 8. Be2
Bb7 9. O-O Bxc3 10. bxc3 O-O 11. Qb1 f6 12. Bxc4 Bc8 13. axb5 cxb5 14. Qxb5
Nbc6 15. Bf4 Kh8 16. d5 exd5 17. exd5 a6 18. Qc5 Nb8 19. Rfe1 Ng6 20. Bc7 Qd7
21. Nd4 Bb7 22. Ne6 Rc8 23. Rab1  1-0

[Event "60o Campeonato Brasileiro Feminino Final Aberta"]
[Site "Cuiaba MT"]
[Date "2021.11.04"]
[Round "11"]
[Board "8"]
[White "Nunes, Agatha Hurba"]
[Black "Martins De Aguiar, Marina"]
[Result "1-0"]
[WhiteElo "1797"]
[BlackElo "1713"]
[PlyCount "79"]
[EventDate "2021.10.28"]
[EventRounds "11"]
[EventCountry "BRA"]

1. d4 Nf6 2. c4 g6 3. Nc3 Bg7 4. e4 d6 5. Nf3 O-O 6. Be2 Nbd7 7. O-O e5 8. d5
a5 9. Bg5 h6 10. Bh4 g5 11. Bg3 Nh5 12. h4 Nxg3 13. fxg3 g4 14. Nd2 h5 15. Kh2
Nc5 16. Qc2 Bd7 17. Rab1 Qc8 18. Bd3 Qd8 19. Rf2 Bf6 20. Nf1 Qe7 21. Kg1 Bg7
22. Ne3 f6 23. Nf5 Qf7 24. Nd1 Bxf5 25. Rxf5 Bh6 26. Qe2 a4 27. Ne3 Qg6 28. Bc2
Rf7 29. Rbf1 Ra6 30. Qf2 Bxe3 31. Qxe3 Rb6 32. b3 axb3 33. axb3 Ra6 34. b4 Nd7
35. c5 dxc5 36. bxc5 Rf8 37. Qc3 Rfa8 38. c6 Ra3 39. cxb7 Rf8 40. Qxa3  1-0

[Event "60o Campeonato Brasileiro Feminino Final Aberta"]
[Site "Cuiaba MT"]
[Date "2021.11.04"]
[Round "11"]
[Board "9"]
[White "Felix, Luiza De Oliveira"]
[Black "Nakata, Thifanni Harumi"]
[Result "0-1"]
[WhiteElo "1599"]
[BlackElo "1778"]
[PlyCount "32"]
[EventDate "2021.10.28"]
[EventRounds "11"]
[EventCountry "BRA"]

1. c4 c5 2. Nc3 Nf6 3. g3 d5 4. cxd5 Nxd5 5. Bg2 Nc7 6. Nf3 Nc6 7. d3 e5 8. O-O
Be7 9. Be3 Be6 10. Qa4 Bd7 11. Rfc1 O-O 12. Qd1 Rc8 13. a3 b6 14. b4 cxb4 15.
axb4 Bxb4 16. Nd2 Ne6  0-1

[Event "60o Campeonato Brasileiro Feminino Final Aberta"]
[Site "Cuiaba MT"]
[Date "2021.11.04"]
[Round "11"]
[Board "10"]
[White "Kikuchi Cadilhac, Mariana Sawae"]
[Black "Montes, Sofia"]
[Result "1-0"]
[WhiteElo "1762"]
[BlackElo "1836"]
[PlyCount "87"]
[EventDate "2021.10.28"]
[EventRounds "11"]
[EventCountry "BRA"]

1. e4 e6 2. d4 d5 3. Nd2 c5 4. Ngf3 Nf6 5. e5 Nfd7 6. c3 Nc6 7. Be2 Qb6 8. Nb3
c4 9. Nbd2 Na5 10. O-O Be7 11. Re1 O-O 12. Nf1 f6 13. exf6 Nxf6 14. Qc2 Ne4 15.
Ng3 Nxg3 16. hxg3 Bd7 17. Bd1 Nc6 18. Qb1 Bf6 19. Bc2 h6 20. Bf4 Kh8 21. Qc1 g5
22. Bd6 Ne7 23. Bxe7 Bxe7 24. Ne5 Be8 25. Bb1 Rg8 26. Qc2 Rg7 27. Qe2 Rd8 28.
Kh2 Bd6 29. Nf3 Bd7 30. Rh1 Rf7 31. Kg1 Kg7 32. Qc2 Rh8 33. Nxg5 Rf6 34. Nh7
Rf5 35. g4 Rxh7 36. gxf5 exf5 37. b3 Kf6 38. Rh5 Bf8 39. Rxf5+ Bxf5 40. Qxf5+
Ke7 41. Qxh7+ Kd8 42. Bf5 Qd6 43. Qxb7 cxb3 44. Re1  1-0

[Event "60o Campeonato Brasileiro Feminino Final Aberta"]
[Site "Cuiaba MT"]
[Date "2021.11.04"]
[Round "11"]
[Board "11"]
[White "Flores, Clarice Soares Leite"]
[Black "Reis, Virginia Lagrange M."]
[Result "1/2-1/2"]
[WhiteElo "1656"]
[BlackElo "1741"]
[PlyCount "58"]
[EventDate "2021.10.28"]
[EventRounds "11"]
[EventCountry "BRA"]

1. d4 Nf6 2. c4 c5 3. d5 b5 4. cxb5 a6 5. bxa6 g6 6. Nc3 d6 7. e4 Bg7 8. Bb5+
Bd7 9. Bxd7+ Nbxd7 10. Nf3 Qa5 11. O-O O-O 12. Qc2 Rfb8 13. Bd2 Qxa6 14. Rfb1
Ng4 15. a4 Rb7 16. h3 Nge5 17. Nxe5 Nxe5 18. Nb5 Nd7 19. Bc3 Bxc3 20. Qxc3 Nb6
21. b3 Rc8 22. Qd3 Na8 23. Rd1 Qa5 24. Rac1 Nc7 25. Nxc7 Rcxc7 26. Rc4 Rb8 27.
f3 Rcb7 28. Rb1 h5 29. h4 Rxb3  1/2-1/2

[Event "60o Campeonato Brasileiro Feminino Final Aberta"]
[Site "Cuiaba MT"]
[Date "2021.11.04"]
[Round "11"]
[Board "12"]
[White "Dias, Juliane De Oliveira"]
[Black "Oliveira, Emanuelle Alves"]
[Result "0-1"]
[WhiteElo "1673"]
[BlackElo "1683"]
[PlyCount "84"]
[EventDate "2021.10.28"]
[EventRounds "11"]
[EventCountry "BRA"]

1. e4 c6 2. d4 d5 3. exd5 cxd5 4. Nf3 Nf6 5. c3 Nc6 6. Bf4 Bg4 7. Be2 Bxf3 8.
Bxf3 e6 9. O-O Bd6 10. Bxd6 Qxd6 11. Nd2 O-O 12. Be2 Rfe8 13. Nf3 Re7 14. Re1
Ne4 15. Bd3 f5 16. Rc1 a6 17. Bb1 b5 18. Ne5 Nxe5 19. dxe5 Qb6 20. Qd4 Qxd4 21.
cxd4 Ree8 22. Rc6 a5 23. Bd3 b4 24. Rec1 Ra7 25. Rc8 Rxc8 26. Rxc8+ Kf7 27. f3
Nd2 28. Rc2 Nc4 29. Bxc4 dxc4 30. Rxc4 Ke7 31. Kf2 Kd7 32. Ke3 Rc7 33. Rxc7+
Kxc7 34. Kd3 Kc6 35. Kc4 g5 36. g3 h6 37. h4 f4 38. hxg5 fxg3 39. gxh6 g2 40.
h7 g1=Q 41. h8=Q Qf1+ 42. Kb3 Qd1+  0-1

[Event "60o Campeonato Brasileiro Feminino Final Aberta"]
[Site "Cuiaba MT"]
[Date "2021.11.04"]
[Round "11"]
[Board "13"]
[White "Do Amaral Vailant, Helena Kether"]
[Black "Eger, Laura Luisa"]
[Result "0-1"]
[WhiteElo "1414"]
[BlackElo "1767"]
[PlyCount "102"]
[EventDate "2021.10.28"]
[EventRounds "11"]
[EventCountry "BRA"]

1. e4 e5 2. Nf3 Nc6 3. d4 exd4 4. Nxd4 Bc5 5. Nxc6 Qf6 6. Qf3 dxc6 7. Qxf6 Nxf6
8. Bd3 Be6 9. Bf4 O-O-O 10. h3 Nh5 11. Bh2 h6 12. Nd2 Rhe8 13. g4 Nf6 14. f3
Re7 15. O-O-O Bxa2 16. Bc4 Bxc4 17. Nxc4 Nh7 18. Na5 Rxd1+ 19. Rxd1 Ng5 20. Nb3
Be3+ 21. Kb1 Nxf3 22. Rh1 Nxh2 23. Rxh2 Rxe4 24. Re2 Re6 25. c3 Bg5 26. Rf2 f6
27. Nd4 Re1+ 28. Kc2 Be3 29. Re2 Rc1+ 30. Kd3 Bxd4 31. Kxd4 Kd7 32. Ke4 Rf1 33.
b4 g6 34. Rg2 Ke6 35. Rg3 b6 36. Rd3 f5+ 37. gxf5+ Rxf5 38. Rg3 Kf6 39. Rd3
Re5+ 40. Kf4 Rd5 41. Rg3 c5 42. bxc5 Rxc5 43. Ke4 a5 44. Kd4 Kf5 45. Rf3+ Kg5
46. Rg3+ Kh5 47. c4 g5 48. Rg4 c6 49. Re4 a4 50. Re3 Rf5 51. Rc3 b5  0-1

[Event "60o Campeonato Brasileiro Feminino Final Aberta"]
[Site "Cuiaba MT"]
[Date "2021.11.04"]
[Round "11"]
[Board "14"]
[White "Da Cunha, Gabriela Goes"]
[Black "Rodio, Julia Brunetto"]
[Result "1-0"]
[WhiteElo "1588"]
[BlackElo "1788"]
[PlyCount "47"]
[EventDate "2021.10.28"]
[EventRounds "11"]
[EventCountry "BRA"]

1. d4 Nf6 2. Nc3 d5 3. Bf4 c6 4. e3 e6 5. Nf3 Be7 6. Bd3 Nbd7 7. Ne5 O-O 8. g4
Qa5 9. Qf3 Bb4 10. Kd2 c5 11. g5 cxd4 12. exd4 Ne4+ 13. Bxe4 dxe4 14. Qxe4 Nb6
15. Rhg1 Nd5 16. Rg3 Bd6 17. Rh3 g6 18. Nxg6 fxg6 19. Bxd6 Rxf2+ 20. Ke1 Rf7
21. Be5 Bd7 22. Qxg6+ Kf8 23. Rxh7 Be8 24. Bd6+  1-0

[Event "60o Campeonato Brasileiro Feminino Final Aberta"]
[Site "Cuiaba MT"]
[Date "2021.11.04"]
[Round "11"]
[Board "15"]
[White "Mayara Sibowicz, Giovanna"]
[Black "Sandrim Juliao, Tais"]
[Result "0-1"]
[WhiteElo "1683"]
[BlackElo "1712"]
[PlyCount "44"]
[EventDate "2021.10.28"]
[EventRounds "11"]
[EventCountry "BRA"]

1. e4 e5 2. Nf3 Nc6 3. Bc4 Be7 4. O-O Nf6 5. Nc3 O-O 6. d3 d6 7. h3 Na5 8. Nd5
Nxd5 9. Bxd5 c6 10. Bb3 Nxb3 11. axb3 h6 12. Be3 f5 13. exf5 Bxf5 14. Rxa7 Rxa7
15. Bxa7 Qe8 16. Nh2 Qg6 17. Kh1 Qe6 18. Be3 d5 19. Qe2 e4 20. dxe4 Bxe4 21.
Re1 Bd6 22. c3 Qxh3  0-1

[Event "60o Campeonato Brasileiro Feminino Final Aberta"]
[Site "Cuiaba MT"]
[Date "2021.11.04"]
[Round "11"]
[Board "16"]
[White "Bokhonok, Tatiana Dos Santos Spin"]
[Black "Zago, Caroline Datora"]
[Result "1-0"]
[WhiteElo "1230"]
[BlackElo "1634"]
[PlyCount "101"]
[EventDate "2021.10.28"]
[EventRounds "11"]
[EventCountry "BRA"]

1. d4 Nf6 2. Bf4 g6 3. e3 Bg7 4. Nf3 d6 5. h3 O-O 6. Be2 Nbd7 7. Bh2 Ne8 8. c3
e5 9. dxe5 dxe5 10. Nxe5 Nd6 11. Nxd7 Qxd7 12. Nd2 Qe7 13. O-O Re8 14. Nc4 Nf5
15. Qc2 b5 16. Nd2 a6 17. Nf3 c5 18. Rfd1 Nxe3 19. fxe3 Qxe3+ 20. Kh1 Qxe2 21.
Qxe2 Rxe2 22. Rd8+ Bf8 23. Rad1 Bb7 24. Rxa8 Bxa8 25. Rd8 Bxf3 26. gxf3 Kg7 27.
Ra8 Rxb2 28. Be5+ f6 29. Ra7+ Kh6 30. Bxf6 Rxa2 31. h4 g5 32. Bxg5+ Kg6 33. f4
Bd6 34. Rb7 h6 35. Rb6 hxg5 36. Rxd6+ Kh5 37. hxg5 b4 38. cxb4 cxb4 39. Rb6
Ra1+ 40. Kg2 Ra2+ 41. Kf3 Ra3+ 42. Ke4 b3 43. Rh6+ Kg4 44. Rh1 Ra4+ 45. Ke3
Rxf4 46. g6 Rf8 47. Rg1+ Kh5 48. g7 Rg8 49. Kf4 Kh6 50. Kf5 Kh7 51. Kf6  1-0

[Event "60o Campeonato Brasileiro Feminino Final Aberta"]
[Site "Cuiaba MT"]
[Date "2021.11.04"]
[Round "11"]
[Board "17"]
[White "Campagnolo, Fabiola"]
[Black "Silveira, Celissa Franco Godoy D"]
[Result "1-0"]
[WhiteElo "1677"]
[BlackElo "1810"]
[PlyCount "65"]
[EventDate "2021.10.28"]
[EventRounds "11"]
[EventCountry "BRA"]

1. d4 e6 2. c3 d5 3. e3 a6 4. f4 Nf6 5. Bd3 Nc6 6. Nf3 Ne4 7. O-O Be7 8. Ne5
O-O 9. Nd2 f5 10. Rf3 Rf6 11. Rh3 Nxe5 12. fxe5 Rg6 13. Nf3 b6 14. Bd2 c5 15.
Be1 Rg4 16. Be2 Bd7 17. Nd2 Rg6 18. Nxe4 fxe4 19. Bg3 Bg5 20. Qd2 Qe7 21. a4 c4
22. Bf4 Rf8 23. b3 b5 24. axb5 Bxb5 25. bxc4 dxc4 26. Bd1 Ra8 27. Qe2 Bxf4 28.
exf4 h6 29. Qxe4 Rf8 30. Qxg6 Rxf4 31. Rxh6 Rf1+ 32. Kxf1 Qf8+ 33. Bf3  1-0

[Event "60o Campeonato Brasileiro Feminino Final Aberta"]
[Site "Cuiaba MT"]
[Date "2021.11.04"]
[Round "11"]
[Board "18"]
[White "Muraoka, Karoline Aimy"]
[Black "Dull, Amanda Paul"]
[Result "1/2-1/2"]
[WhiteElo "1821"]
[BlackElo "1847"]
[PlyCount "63"]
[EventDate "2021.10.28"]
[EventRounds "11"]
[EventCountry "BRA"]

1. e4 Nf6 2. e5 Nd5 3. d4 d6 4. f4 dxe5 5. fxe5 c6 6. Nf3 Bg4 7. Be2 e6 8. O-O
Be7 9. a3 O-O 10. c4 Nb6 11. Nc3 N8d7 12. Be3 f6 13. exf6 Bxf6 14. Ne4 Be7 15.
Qc2 Nf6 16. Bd3 Nxe4 17. Bxe4 Bf5 18. Ne5 Bxe4 19. Qxe4 Bf6 20. b3 Qe7 21. Ng4
Nd7 22. Rf3 g6 23. b4 Bg7 24. Raf1 e5 25. d5 c5 26. b5 b6 27. h4 Rxf3 28. Rxf3
Rf8 29. Bg5 Qd6 30. Rh3 Rf5 31. Rf3 Rxf3 32. gxf3  1/2-1/2

[Event "60o Campeonato Brasileiro Feminino Final Aberta"]
[Site "Cuiaba MT"]
[Date "2021.11.04"]
[Round "11"]
[Board "19"]
[White "Moraes Silva, Natasha Alejandra"]
[Black "Braga, Debora Abade"]
[Result "1-0"]
[WhiteElo "1436"]
[BlackElo "1480"]
[PlyCount "95"]
[EventDate "2021.10.28"]
[EventRounds "11"]
[EventCountry "BRA"]

1. e4 c6 2. c3 d5 3. e5 Bf5 4. d4 e6 5. Nd2 Ne7 6. h4 h6 7. Ngf3 Nd7 8. Be2 Nc8
9. Qb3 b5 10. a4 Rb8 11. axb5 c5 12. O-O Be7 13. g3 O-O 14. Qa4 f6 15. Nb3 c4
16. Na5 fxe5 17. Nc6 Ndb6 18. Qd1 Qc7 19. Nxb8 Qxb8 20. Nxe5 Qc7 21. Bf4 Bd6
22. Qd2 Nd7 23. Nxd7 Bxf4 24. Qxf4 Qxd7 25. Ra5 Bh3 26. Qe3 Bxf1 27. Bxf1 Nd6
28. Bh3 Ne4 29. f4 Kh8 30. Bg2 Nd6 31. Ra6 Rf6 32. b6 axb6 33. Rxb6 Nf5 34. Qf3
Qa7 35. Rb4 Nd6 36. Qh5 Rf5 37. Qe2 Rf6 38. Qe5 Nf5 39. Kh2 Rg6 40. Bh3 Nxg3
41. Bxe6 Qe7 42. Rb8+ Kh7 43. Bg8+ Kh8 44. Qxe7 Nf1+ 45. Kh1 Ng3+ 46. Kg2 Nf5+
47. Kf2 Nxe7 48. Bf7+  1-0

[Event "60o Campeonato Brasileiro Feminino Final Aberta"]
[Site "Cuiaba MT"]
[Date "2021.11.04"]
[Round "11"]
[Board "20"]
[White "Da Silva, Debora Oliveira Lopes"]
[Black "Almeida, Bianca Martins"]
[Result "0-1"]
[WhiteElo "1389"]
[BlackElo "1262"]
[PlyCount "90"]
[EventDate "2021.10.28"]
[EventRounds "11"]
[EventCountry "BRA"]

1. e4 e5 2. Nf3 Nf6 3. Nc3 Nc6 4. d4 exd4 5. Nxd4 Ne5 6. f4 Ng6 7. Bd2 Bb4 8.
Qf3 Bxc3 9. Bxc3 d5 10. e5 Ne4 11. Bb4 b6 12. Bb5+ Bd7 13. Ba3 Bxb5 14. Nxb5
Qd7 15. c4 c6 16. cxd5 cxd5 17. Nd6+ Nxd6 18. Bxd6 Rd8 19. O-O Ne7 20. Rad1 Qc6
21. Rc1 Qa4 22. Rc7 Rd7 23. Rxd7 Qxd7 24. Rd1 Qe6 25. Bxe7 Kxe7 26. Qxd5 Qxd5
27. Rxd5 Rc8 28. Rd1 h6 29. g4 Rc4 30. Rf1 g5 31. b3 Rxf4 32. Rxf4 gxf4 33. Kf2
Ke6 34. Kf3 Kxe5 35. a3 b5 36. h3 f5 37. b4 a6 38. Kf2 fxg4 39. hxg4 Ke4 40.
Ke2 f3+ 41. Kf2 Kf4 42. Kf1 Kxg4 43. Kf2 h5 44. Kg1 Kg3 45. a4 f2+  0-1

[Event "60o Campeonato Brasileiro Feminino Final Aberta"]
[Site "Cuiaba MT"]
[Date "2021.11.04"]
[Round "11"]
[Board "21"]
[White "Brambilla, Renee Blandy T."]
[Black "Silva, Marina Taborelli"]
[Result "1/2-1/2"]
[WhiteElo "1671"]
[BlackElo "1651"]
[PlyCount "115"]
[EventDate "2021.10.28"]
[EventRounds "11"]
[EventCountry "BRA"]

1. d4 d5 2. c4 e6 3. Nc3 Nf6 4. Bg5 Be7 5. e3 O-O 6. Nf3 Nc6 7. cxd5 exd5 8.
Bd3 Be6 9. Bc2 Qd7 10. a3 a6 11. Qd3 g6 12. Bb3 Bf5 13. Qd1 b5 14. Bxf6 Bxf6
15. Nxd5 Qd6 16. Nxf6+ Qxf6 17. Rc1 Rac8 18. O-O Be4 19. Nd2 Rfe8 20. Nxe4 Rxe4
21. Qc2 Nxd4 22. Qxe4 Nxb3 23. Rc2 c5 24. Rd1 c4 25. h3 Qc6 26. Qxc6 Rxc6 27.
Kf1 f5 28. Re2 Re6 29. Rd7 Nc1 30. Red2 Nd3 31. b3 Rc6 32. Rc2 Ne5 33. Rd5 cxb3
34. Rxc6 Nxc6 35. Rd2 Na5 36. Rb2 Nc4 37. Rxb3 Nd2+ 38. Ke2 Nxb3 39. Kd3 a5 40.
Kc3 a4 41. Kb4 g5 42. Kxb5 h5 43. Kxa4 Nc5+ 44. Kb5 Ne6 45. Kc6 g4 46. Kd6 Kf7
47. Ke5 gxh3 48. gxh3 Ng7 49. a4 Kg6 50. h4 Ne8 51. f4 Nc7 52. e4 fxe4 53. f5+
Kf7 54. Kxe4 Kf6 55. Kf4 Nd5+ 56. Ke4 Nc3+ 57. Kf4 Nxa4 58. Ke4  1/2-1/2